Quick Pick: Countries That Spam.... A Lot Quiz Stats

 Plays Quiz Updated Oct 5, 2017

Challenge
Share
Tweet
Embed
Score 0/10 Timer 01:30
6 Plays Today
% Correct
China
84%
Russia
83.1%
India
78%
Indonesia
61.4%
Brazil
57.4%
Pakistan
54.6%
Mexico
52.1%
Thailand
50.5%
Vietnam
48.3%
Iran
38.7%

Today's Daily Dose

You're not logged in!

Compare scores with friends on all Sporcle quizzes.
Join for Free
OR
Log In

You Might Also Like...

Show Comments

Extras

Top Quizzes Today


Score Distribution

Your Account Isn't Verified!

In order to create a playlist on Sporcle, you need to verify the email address you used during registration. Go to your Sporcle Settings to finish the process.

Report this User

Report this user for behavior that violates our Community Guidelines.

Details: